Nutrition through the life cycle
I tiakina i:
| Kaituhi matua: | |
|---|---|
| Hōputu: | Pukapuka |
| Reo: | Ingarihi |
| I whakaputaina: |
Wadsworth, Cengage Learning
2011
|
| Tags: |
Tāpirihia he Tūtohu
No Tags, Be the first to tag this record!
|
MARC
| LEADER | 00000nam a22000007a 4500 | ||
|---|---|---|---|
| 008 | 201210b ||||| |||| 00| 0 eng d | ||
| 020 | |a 978-0-538-73617-6 | ||
| 100 | |a BROWN, Judith E. | ||
| 245 | |a Nutrition through the life cycle |c Judith E. Brown |g xxvi, 516p.; ill. | ||
| 250 | |b 4th ed. | ||
| 260 | |b Wadsworth, Cengage Learning |c 2011 |h [Australia] |i 691158 |i 691159 |l QP141 .B81 |m Nutrition |m Children – Nutrition |m Older people – Nutrition | ||
| 500 | |a It includes references and index | ||
| 942 | |a lcc |c BK |e Kuteyi, M. A. |f 10/12/2020 | ||
| 952 | |0 0 |1 0 |2 lcc |4 0 |6 QP0141 B81 |7 0 |9 388 |a HOL |b AG |c QZ |d 2020-12-10 |l 0 |o QP141 .B81 |p 2020-2121 |r 2020-12-10 00:00:00 |w 2020-12-10 |y BK | ||
| 952 | |0 0 |1 0 |2 lcc |4 0 |6 QP0141 B81 |7 0 |9 389 |a HOL |b HOL |c QZ |d 2020-12-10 |l 0 |o QP141 .B81 |p 2020-2122 |r 2020-12-10 00:00:00 |w 2020-12-10 |y BK | ||
| 999 | |c 186 |d 186 | ||